Лексико-семантичне поле "Спорт" в англійській мові (Запис № 284193)

МАРК-запис
000 -LEADER
fixed length control field 01952nam a22001577a 4500
041 ## - LANGUAGE CODE
Language code of text/sound track or separate title ukr
080 ## - UNIVERSAL DECIMAL CLASSIFICATION NUMBER
Universal Decimal Classification number 09
090 ## - LOCALLY ASSIGNED LC-TYPE CALL NUMBER (OCLC); LOCAL CALL NUMBER (OCLC)
Local cutter number (OCLC) ; Book number/undivided call number, CALL (RLIN) ПЕР
100 ## - MAIN ENTRY--PERSONAL NAME
Personal name Перик О.Я.
245 ## - TITLE STATEMENT
Title Лексико-семантичне поле "Спорт" в англійській мові
260 ## - PUBLICATION, DISTRIBUTION, ETC. (IMPRINT)
Place of publication, distribution, etc Острог
Name of publisher, distributor, etc КАФ
Date of publication, distribution, etc 2009
300 ## - PHYSICAL DESCRIPTION
Extent 69
520 ## - SUMMARY, ETC.
Summary, etc ВСТУП<br/>РОЗДІЛ 1 ЗАГАЛЬНІ ПОНЯТТЯ СЕМАНТИКИ ТА ФРАЗЕОЛОГІЇ<br/>1.1 Семантика як наука та її суть.<br/>1.1.1 Розвиток семантики та словникове визначення.<br/>1.1.2 Типи семантичних відношень.<br/>1.2 Поняття семантичного поля.<br/>1.2.1 Семантичне групування лексики.<br/>1.2.2 Семантичні поля та їх структура.<br/>1.3 Характеристика ФО.<br/>1.3.1 Класифікація фразеологізмів та їх положення.<br/>1.3.2 Семантика фразеологізмів та особливості їх перекладу.<br/>РОЗДІЛ 2 ХАРАКТЕРИСТИКА АНГЛІЙСЬКОЇ СПОРТИВНОЇ ЛЕКСИКИ<br/>2.1 Характеристика спортивних мовних одиниць.<br/>2.1.1 Мовні одиниці на позначення боксу.<br/>2.1.2 Мовні одиниці на позначення тенісу.<br/>2.2 Загальна характеристика ФО зі сфери спорту.<br/>2.2.1 ФО зі сфери американського футболу.<br/>2.2.2 ФО зі сфери бейсболу.<br/>2.2.3 ФО зі сфери легкої атлетики.<br/>2.3 Інші спортивні фразеологізми.<br/>2.3.1 ФО з компонентом ball.<br/>2.3.2 ФО з компонентом field.<br/>ВИСНОВКИ
-- семантика,фразеології,спортивна лексика
650 ## - SUBJECT ADDED ENTRY--TOPICAL TERM
Topical term or geographic name as entry element Research Papers
942 ## - ADDED ENTRY ELEMENTS (KOHA)
Koha item type Книги
Фонди
Withdrawn status Lost status Source of classification or shelving scheme Damaged status Not for loan Home library Current library Date acquired Source of acquisition Cost, normal purchase price Total Checkouts Full call number Barcode Date last seen Price effective from Koha item type
    Universal Decimal Classification     ВІЛ - Відділ іноземн. літератури НБ ВІЛ - Відділ іноземн. літератури НБ 16/04/2009 Акт №1 1.00   09 213449 15/12/2021 16/04/2009 Книги